Colníctvo

Salvato in:
Dettagli Bibliografici
Autore principale: Kubicová, Jana, 1961-
Ente Autore: Ekonomická univerzita v Bratislave. Národohospodárska fakulta
Natura: Libro
Lingua:slovacco
Pubblicazione: Bratislava Ekonomická univerzita v Bratislave. Národohospodárska fakulta 1999
Soggetti:
Tags: Aggiungi Tag
Nessun Tag, puoi essere il primo ad aggiungerne!!

MARC

LEADER 00000nam a2200000 4500
001 c143186
005 20221123132602.6
020 |a 80-968221-1-X 
041 0 |a slo 
044 |a SK 
245 1 0 |a Colníctvo  |c Jana Kubicová 
264 1 |a Bratislava  |b Ekonomická univerzita v Bratislave. Národohospodárska fakulta  |c 1999 
300 |a 68 s. [9,5 AH] 
610 2 0 |a colníctvo 
610 2 0 |a clá 
610 2 0 |a financie verejné 
610 2 0 |a rozpočty 
610 2 0 |a obchod medzinárodný 
610 2 0 |a zdaňovanie 
610 2 0 |a príjmy rozpočtu štátneho 
610 2 0 |a náklady dopravné 
610 2 0 |a preprava 
610 2 0 |a provízie 
610 2 0 |a distribúcia 
610 2 0 |a platby obchodné 
610 2 0 |a dovoz 
610 2 0 |a úver 
610 2 0 |a konanie colné 
610 2 0 |a dlhy 
610 2 0 |a lízing zahraničný 
610 2 0 |a prirážky dovozné 
610 2 0 |a výrobcovia 
610 2 0 |a subvencie 
610 2 0 |a dohody 
610 2 0 |a antidumping 
610 2 0 |a dohody colné 
610 2 0 |a Svetová obchodná organizácia 
610 2 0 |a Všeobecná dohoda o clách a obchode 
100 1 |a Kubicová, Jana, 1961- 
710 2 |a Ekonomická univerzita v Bratislave. Národohospodárska fakulta